000 00470nam a2200169 4500
003 LK-CoMWRAF
005 20230906185035.0
008 230906b1960 |||||||| |||| 00| 0 eng d
040 _aLK-CoMWRAF
_dLK-CoMWRAF
_eLK-CoMWRAF
082 _a823
_bGUG
100 _aGuggenheim, Hans
245 _aThe World of wonderful difference
260 _aNew York :
_bFriendly house publishers,
_c1960
300 _aunpaged. illus. 19x26 cm.
650 _aChildren story
942 _cBK
999 _c3432
_d3432